| 000 | 00800nam a22002297a 4500 | ||
|---|---|---|---|
| 999 |
_c17399 _d17399 |
||
| 003 | AR-CdUCM | ||
| 008 | 190508b ||||| |||| 00| 0 spa d | ||
| 040 |
_aMUNICIPALIDAD PROVINCIAL DEL CUSCO _cBIBLIOTECA MUNICIPAL DEL CUSCO |
||
| 082 |
_a959.7 / _bC70 |
||
| 100 |
_aGiap, Vo Nguyen _92071 |
||
| 245 | _aLa primera resistencia vietnamita (1925-1945) / | ||
| 260 |
_aMéxico : _bGrijalbo, _c1970. |
||
| 300 |
_a159 páginas ; _c19 cm. |
||
| 440 |
_aColección 70 _n86 _937386 |
||
| 505 | _aContenido : Cao Bang: Ho Chi Minh regresa al país -- El movimiento se arma -- La marcha hacia el sur ... | ||
| 650 |
_aResistencia _95741 |
||
| 650 |
_aVietnamita _937387 |
||
| 650 |
_aGuerra _91007 |
||
| 700 |
_aMarfá Puig, Jorge (Traductor) _937388 |
||
| 942 |
_2ddc _cLIBROS |
||
| 945 |
_arah _d08/05/2019 |
||